书目信息 |
| 题名: |
人大代表依法履职必读
|
|
| 作者: | 赵俊杰 主编 | |
| 分册: | ||
| 出版信息: | 北京 中国民主法制出版社 2009.02 |
|
| 页数: | 452页 | |
| 开本: | 28cm | |
| 丛书名: | ||
| 单 册: | ||
| 中图分类: | D622 | |
| 科图分类: | ||
| 主题词: | 政治--中国 | |
| 电子资源: | ||
| ISBN: | 7-80219-545-4 | |
| 000 | 00593nam0 2200193 450 | |
| 001 | 1439141567 | |
| 005 | 20141231105341.49 | |
| 010 | @a7-80219-545-4@dCNY62.00 | |
| 100 | @a20141231d2009 km y0chiy0120 ea | |
| 101 | 0 | @achi |
| 102 | @aCN@b110000 | |
| 200 | 1 | @a人大代表依法履职必读@Aren da dai biao yi fa lu zhi bi du@f赵俊杰主编@Fzhao jun jie zhu bian |
| 210 | @a北京@c中国民主法制出版社@d2009.02 | |
| 215 | @a452页@d28cm | |
| 606 | 0 | @a政治@x中国 |
| 690 | @aD622@v4 | |
| 701 | 0 | @a赵俊杰@Azhao jun jie@4主编 |
| 801 | 0 | @aCN@b大连网信软件有限公司图书馆·11@c20141231 |
| 905 | @aZUCC@dD622@eZ302 | |
| 人大代表依法履职必读/赵俊杰主编.-北京:中国民主法制出版社,2009.02 |
| 452页;28cm |
| ISBN 7-80219-545-4:CNY62.00 |
| ● |
| 相关链接 |
|
|
|
正题名:人大代表依法履职必读
索取号:D622/Z302
 
预约/预借
| 序号 | 登录号 | 条形码 | 馆藏地/架位号 | 状态 | 备注 |
| 1 | 495361 | 204953611 | 社科库509/509社科库 72排9列2层/ [索取号:D622/Z302] | 在馆 |